000 00747akm a2200301a 44500
008 951219s1990 cat
041 _acat
041 _bspa
080 _a796.323(038)
245 _aEn bàsquet, no et quedis fora de joc
245 _h[tríptic]
260 _a[Barcelona]
260 _bGeneralitat de Catalunya. Direcció General de Política Lingüística
260 _c1990
500 _btermcat
520 _a60
546 _acatalà
591 _a4142
592 _aObra terminològica
593 _aVKA
594 _a4142
650 _abasquetbol
_960729
901 _c[<1990>]
902 _a951219
942 _cMO
_n0
999 _c53392
_d53392